000 00551nam a22001817a 4500
005 20231122091251.0
008 231122b |||||||| |||| 00| 0 eng d
020 _a409067024 ; 409067032
041 _aAfrikaans
082 _a342 WIE
100 _aWiechers, M
_lAfrikaans
245 _aAdministratiefreg /
_cM Wiechers
250 _aTweede Uitgawe
260 _aDurban :
_bButterworth-Uitgeweres (Edms) Bpk,
_c1984
300 _bxxxxvi, 424 pages ;
_c25,5 cm.
650 _aLegal practice
_bLaw
942 _cBK
_6ALISON_BN_VRIES
999 _c860
_d860